[Event "Let's Play Chess!"]
[Site "http://www.queenalice.com/game.php?id=715819"]
[Date "2010.1.18"]
[Round "-"]
[White "Nigo"]
[Black "spawnwolfwolverine"]
[Result "0-1"]
[WhiteElo "1533"]
[BlackElo "1569"]

1. e4 e5 2. Nf3 d6 3. d4 exd4 4. Qxd4 Bd7 5. Nc3 Nc6 6. Qd1 Nf6 7. Bd3 Be7 8.
O-O O-O 9. Re1 a6 10. e5 Nxe5 11. Nxe5 dxe5 12. Rxe5 Bd6 13. Re1 Bb4 14. Bg5
Bxc3 15. bxc3 h6 16. Bxf6 Qxf6 17. Bh7+ Kxh7 18. Qxd7 Rac8 19. Qd3+ g6 20. Re3
h5 21. Rae1 b5 22. Re5 c5 23. Rxh5+ Kg7 24. Rhe5 c4 25. Qg3 Rh8 26. R5e4 Rh5 27.
Rf4 Qg5 28. Rg4 Qd2 29. Qe3 Qxc2 30. Qd4+ Kh7 31. Qd7 Rf8 32. Qe7 Qxc3 33. Rge4
Kg7 34. Qd6 a5 35. g4 Rh4 36. Qe5+ Qxe5 37. Rxe5 Rxg4+ 38. Kh1 Rf4 39. Rxb5 Rxf2
40. Rxa5 c3 41. a3 c2 42. Rc5 Ra8 43. Rc1 Rxa3 44. R1xc2 Rxc2 45. Rxc2 g5 46.
Rc1 g4 47. Kg2 f5 48. Rc5 Kg6 49. Rc6+ Kg5 50. Rc8 Ra2+ 51. Kg1 Ra5 52. Rg8+ Kf4
53. Rb8 Re5 54. Rb4+ Re4 55. Rb1 Re3 56. Rb4+ Kf3 57. Rb1 f4 58. Rf1+ Ke4 59.
Ra1 g3 60. hxg3 fxg3 61. Kg2 Rb3 62. Ra4+ Kd5 63. Rg4 Ra3 64. Rxg3 Rxg3+ 65.
Kxg3 Ke5 0-1

[Event "Let's Play Chess!"]
[Site "http://www.queenalice.com/game.php?id=715820"]
[Date "2010.1.18"]
[Round "-"]
[White "Nigo"]
[Black "vulture"]
[Result "0-1"]
[WhiteElo "1387"]
[BlackElo "1706"]

1. e4 e5 2. Nf3 Nc6 3. Bc4 Bc5 4. b4 Bxb4 5. c3 Bc5 6. d4 exd4 7. cxd4 Bb4+ 8.
Bd2 d6 9. O-O Nf6 10. Bb5 Bxd2 11. Nbxd2 O-O 12. e5 dxe5 13. Bxc6 bxc6 14. dxe5
Nd5 15. Ne4 Bf5 16. Re1 Rb8 17. Rc1 Rb4 18. Ng3 Bg4 19. Rxc6 Rb2 20. h3 Be6 21.
Qd4 Rb4 22. Qc5 Rb7 23. Qc1 Qd7 24. Ne4 Rc8 25. Nfg5 Nb4 26. Rc5 Nd3 0-1

[Event "Let's Play Chess!"]
[Site "http://www.queenalice.com/game.php?id=715821"]
[Date "2010.1.18"]
[Round "-"]
[White "Nigo"]
[Black "spawnwolfwolverine"]
[Result "1-0"]
[WhiteElo "1450"]
[BlackElo "1468"]

1. e4 e5 2. Nf3 d6 3. d4 exd4 4. Qxd4 Bd7 5. Nc3 Nc6 6. Qd1 Nf6 7. Bd3 Be7 8.
O-O O-O 9. Bg5 Bg4 10. h3 Bxf3 11. Qxf3 Ne5 12. Qg3 Nxd3 13. Qxd3 a6 14. Rfe1 b5
15. e5 dxe5 16. Rxe5 Qxd3 17. cxd3 c5 18. Rxe7 c4 19. Bxf6 gxf6 20. dxc4 bxc4
21. Rae1 h5 22. Rc7 Rfc8 23. Ree7 Rxc7 24. Rxc7 Kg7 25. Rxc4 a5 26. Ra4 Kg6 27.
b4 h4 28. bxa5 Kg5 29. a6 f5 30. a7 f6 31. Nd5 f4 32. Nb6 Rxa7 33. Rxa7 f3 34.
a4 f5 35. a5 fxg2 36. Rc7 f4 37. a6 f3 38. a7 Kf4 39. a8=Q Kf5 40. Qd5+ Kg6 41.
Rc6+ Kg7 42. Qf5 Kg8 43. Rg6+ Kh7 44. Qh5# 1-0

[Event "Challenge"]
[Site "http://www.queenalice.com/game.php?id=715824"]
[Date "2010.1.18"]
[Round "-"]
[White "JATS"]
[Black "Nigo"]
[Result "0-1"]
[WhiteElo "1258"]
[BlackElo "1430"]

1. e3 d5 2. Nc3 Nf6 3. Bd3 e5 4. e4 d4 5. Na4 Bd7 6. b3 b5 7. Nb2 Bc5 8. Qf3 O-O
9. Qg3 a6 10. Nh3 Nc6 11. c3 b4 12. c4 Qe7 13. Qh4 a5 14. O-O Nd8 15. Ng5 h6 16.
Nf3 Nc6 17. Na4 Ba7 18. Qg3 Nh5 19. Qh4 Qxh4 20. Nxh4 g5 21. Nf3 Nf4 22. Bc2 g4
23. Nh4 d3 24. Bd1 Nd4 25. a3 Nde2+ 26. Bxe2 dxe2 27. Re1 Bxa4 28. bxa4 Bd4 0-1

[Event "Challenge"]
[Site "http://www.queenalice.com/game.php?id=715825"]
[Date "2010.1.18"]
[Round "-"]
[White "Nigo"]
[Black "JATS"]
[Result "1-0"]
[WhiteElo "1420"]
[BlackElo "1268"]

1. e4 d5 2. exd5 Qxd5 3. Nc3 Qd6 4. Nf3 e5 5. d3 Be6 6. Be2 Nf6 7. O-O Be7 8.
Bg5 h6 9. Bh4 Nh5 10. Bxe7 Qxe7 11. Nxe5 Nf4 12. Bf3 Qg5 13. Bxb7 Nc6 14. Bxc6+
Ke7 15. Bxa8 Qxg2+ 16. Bxg2 f6 17. Nc6+ Kf7 18. Nxa7 Kg6 19. Qf3 h5 20. Qxf4 Kf7
21. Qxc7+ Kg6 22. Nc6 Rc8 23. Ne7+ Kh6 24. Qf4+ Kh7 25. Be4+ Kh8 26. Nxc8 Bxc8
27. Qb8 Kg8 28. Qxc8+ 1-0

[Event "Challenge"]
[Site "http://www.queenalice.com/game.php?id=724047"]
[Date "2010.2.1"]
[Round "-"]
[White "colatina"]
[Black "Nigo"]
[Result "0-1"]
[WhiteElo "1561"]
[BlackElo "1439"]

1. e3 Nc6 2. d3 e5 3. g3 d5 4. b3 Nf6 5. Ba3 Bxa3 6. Nxa3 Qe7 7. d4 Qxa3 8. Bb5
Qb4+ 9. Qd2 Qxb5 10. a4 Qb4 11. Nf3 Ne4 12. Qxb4 Nxb4 13. Ke2 Bg4 14. h3 Bxf3+
15. Kxf3 exd4 16. Rhd1 Nxc2 17. exd4 Nxa1 18. Rxa1 O-O 19. b4 c6 20. Ra2 a5 21.
b5 cxb5 22. axb5 Nc3 23. Rc2 Nxb5 24. Rb2 a4 25. Ke3 a3 26. Ra2 Nc3 27. Rc2 a2
0-1

[Event "AUTO-INT-1596"]
[Site "http://www.queenalice.com/game.php?id=724048"]
[Date "2010.2.1"]
[Round "1"]
[White "Nigo"]
[Black "Raxtlon"]
[Result "1-0"]
[WhiteElo "1406"]
[BlackElo "1355"]

1. e4 d5 2. exd5 Qxd5 3. Nc3 Qe5+ 4. Qe2 Nc6 5. d3 Nf6 6. Nf3 Qxe2+ 7. Bxe2 e5
8. Bg5 h6 9. Bh4 Bc5 10. O-O-O Bf5 11. Bxf6 gxf6 12. Nd5 O-O-O 13. Nxf6 Bxf2 14.
Rhf1 Be3+ 15. Kb1 Bg4 16. Nxg4 Rhg8 17. Nxe3 1-0

[Event "AUTO-INT-1596"]
[Site "http://www.queenalice.com/game.php?id=724049"]
[Date "2010.2.1"]
[Round "1"]
[White "Raxtlon"]
[Black "Nigo"]
[Result "0-1"]
[WhiteElo "1326"]
[BlackElo "1449"]

1. g3 d5 2. d4 Nf6 3. Nf3 c6 4. Bg5 Ne4 5. Nc3 Nxg5 6. Nxg5 e5 7. Nf3 e4 8. Nd2
Bd6 9. Bg2 Bf5 10. f3 e3 11. Nb3 O-O 12. Qc1 Re8 13. O-O Qg5 14. f4 Qg6 15. Rf3
Bxc2 16. Rxe3 Nd7 17. Rxe8+ Rxe8 18. Qd2 Bxb3 19. axb3 Qe6 20. Rxa7 c5 21. Rxb7
cxd4 22. Nxd5 Nc5 23. Rb6 Qd7 24. Qxd4 Nb7 25. e4 Bc5 26. Rxb7 Bxd4+ 0-1

[Event "AUTO-INT-1596"]
[Site "http://www.queenalice.com/game.php?id=724050"]
[Date "2010.2.1"]
[Round "1"]
[White "Nigo"]
[Black "Adinirso"]
[Result "1-0"]
[WhiteElo "1384"]
[BlackElo "1543"]

1. d4 d5 2. c4 dxc4 3. Nf3 e6 4. e3 b5 5. a4 c6 6. axb5 cxb5 7. Ne5 Qd6 8. Qf3
Qd5 9. Qxf7+ Kd8 10. Qxf8+ Kc7 11. Qxg7+ Bd7 12. Qxh8 Qc6 13. Nxc6 1-0

[Event "AUTO-INT-1596"]
[Site "http://www.queenalice.com/game.php?id=724051"]
[Date "2010.2.1"]
[Round "1"]
[White "Adinirso"]
[Black "Nigo"]
[Result "0-1"]
[WhiteElo "1587"]
[BlackElo "1511"]

1. e4 e5 2. a3 Nf6 3. Nc3 Nc6 4. Nf3 Be7 5. Bc4 O-O 6. O-O d6 7. d3 Bg4 8. Qd2
Bxf3 9. gxf3 Nd4 10. Qd1 c6 11. Re1 Nh5 12. b4 Bh4 13. f4 Nxf4 14. Bxf4 exf4 15.
Qg4 Nxc2 16. Qxf4 Nxe1 17. Rxe1 Qg5+ 18. Qxg5 Bxg5 19. f3 Rad8 20. d4 Bh4 21.
Re2 b5 22. Bb3 Kh8 23. f4 Bf6 24. e5 dxe5 25. dxe5 Rd3 26. Rc2 Bh4 27. Ba2 Be1
28. Nb1 Rd1 29. Kg2 f6 30. Nc3 Ra1 31. Nb1 fxe5 32. fxe5 Rf2+ 33. Rxf2 Bxf2 34.
Kxf2 Rxa2+ 35. Kg1 Kg8 36. Nc3 Rxa3 37. Ne4 Re3 38. Nc5 Rxe5 39. Nd7 Re7 40. Nc5
Re5 41. Nd3 Rd5 42. Nf4 Rd4 43. Ne2 Rxb4 0-1

[Event "AUTO-INT-1596"]
[Site "http://www.queenalice.com/game.php?id=724052"]
[Date "2010.2.1"]
[Round "1"]
[White "Nigo"]
[Black "cass"]
[Result "0-1"]
[WhiteElo "1460"]
[BlackElo "1593"]

1. c4 e6 2. d4 d5 3. Nc3 Nc6 4. Nf3 Nf6 5. e3 b6 6. Bd3 Nb4 7. a3 Nxd3+ 8. Qxd3
Ba6 9. b3 c6 10. Ne5 Qc7 11. O-O c5 12. Bb2 Bd6 13. f3 dxc4 14. bxc4 Nd5 15.
Nxd5 exd5 16. dxc5 Bxe5 17. Qxd5 Bxh2+ 18. Kh1 Rd8 19. Qe4+ Kf8 20. cxb6 Qg3 21.
Qg4 f6 22. Qxg3 Bxg3 23. bxa7 Bxc4 24. Rfc1 Ba6 25. Bd4 h5 26. Rc6 Bb7 27. Rb6
Ba8 28. Rab1 Kf7 29. R6b5 h4 30. a4 h3 31. f4 hxg2+ 0-1

[Event "AUTO-INT-1596"]
[Site "http://www.queenalice.com/game.php?id=724053"]
[Date "2010.2.1"]
[Round "1"]
[White "cass"]
[Black "Nigo"]
[Result "1-0"]
[WhiteElo "1607"]
[BlackElo "1460"]

1. e4 c5 2. d4 cxd4 3. Qxd4 Nc6 4. Qd1 Nf6 5. Nc3 e5 6. f3 Bc5 7. Qd2 O-O 8. Nd5
d6 9. Qg5 Nxd5 10. exd5 Qxg5 11. Bxg5 Nb4 12. Kd1 Bxg1 13. Rxg1 Bf5 14. c3 Nc2
15. Rc1 f6 16. Bd2 Rac8 17. Rxc2 Bxc2+ 18. Kxc2 Rc5 19. c4 b5 20. Be3 Rcc8 21.
Bxa7 bxc4 22. g3 Ra8 23. Be3 Rxa2 24. Bxc4 Raa8 25. Bd2 Rfc8 26. Kc3 Rc7 27. b3
Rac8 28. Ra1 g6 29. Be3 Kg7 30. Ra6 Rd7 31. h4 Kf7 32. Kb2 f5 33. Bb5 Rb7 34.
Ba4 Rd8 35. Bg5 Rdb8 36. Rxd6 1-0

[Event "Let's Play Chess!"]
[Site "http://www.queenalice.com/game.php?id=735133"]
[Date "2010.2.21"]
[Round "-"]
[White "Nigo"]
[Black "nereu"]
[Result "0-1"]
[WhiteElo "1467"]
[BlackElo "1130"]

1. e4 e5 2. Nf3 Nc6 3. Bc4 Nf6 4. Ng5 d5 5. exd5 Nxd5 6. Nxf7 Kxf7 7. Qf3+ Ke6
8. Nc3 Ne7 9. d4 Qd6 10. O-O b6 11. Re1 Bb7 12. Rxe5+ Kd7 13. Qf7 Nxc3 14. Be6+
Kc6 15. bxc3 Ng6 16. Ba3 Nxe5 17. dxe5 Qd2 18. c4 Bxa3 19. Bd5+ Kc5 20. Qe7+ Kd4
21. c3+ Kd3 22. Qxa3 Bxd5 23. cxd5 Rhf8 24. c4+ Ke4 25. Qe3+ Qxe3 26. fxe3 Kxe3
0-1

[Event "My Blog"]
[Site "http://www.queenalice.com/game.php?id=735271"]
[Date "2010.2.21"]
[Round "-"]
[White "Nigo"]
[Black "digger"]
[Result "1-0"]
[WhiteElo "1490"]
[BlackElo "1603"]

1. e4 e5 2. Nf3 Nc6 3. Bb5 Bc5 4. O-O Nf6 5. d3 h6 6. Bxc6 dxc6 7. Nxe5 Qe7 8.
Nf3 g5 9. Nc3 Bg4 10. Bd2 O-O-O 11. Be3 Rd7 12. e5 Nh7 13. Bxc5 Qxc5 14. h3 Bf5
15. d4 Qe7 16. Re1 Re8 17. Qd2 Qe6 18. Ne4 c5 19. Nxc5 Qd5 20. Nxd7 Bxd7 21.
Rad1 Bc6 22. Qd3 Bd7 23. Qxh7 Qe6 24. d5 Qg6 25. Qxg6 fxg6 26. e6 Ba4 27. b3 Bb5
28. c4 Ba6 29. Ne5 b5 30. c5 b4 31. Nxg6 Bb5 32. Re3 Kd8 33. d6 cxd6 34. cxd6 a5
35. e7+ Kd7 36. Ne5+ Ke6 37. d7 Bxd7 38. Nxd7+ Kf7 39. Rde1 h5 40. Nc5 g4 41.
Nb7 Kf6 42. Nd6 Rxe7 43. Rxe7 gxh3 44. R1e6+ Kg5 45. Ne4+ Kh4 46. g3+ Kg4 47.
Rf7 h4 48. Ref6 a4 49. f3+ Kh5 50. g4# 1-0

[Event "My Blog"]
[Site "http://www.queenalice.com/game.php?id=735272"]
[Date "2010.2.21"]
[Round "-"]
[White "Panzer85"]
[Black "Nigo"]
[Result "0-1"]
[WhiteElo "1637"]
[BlackElo "1467"]

1. e4 e5 2. Nf3 Nc6 3. Bc4 Nf6 4. Ng5 d5 5. Bb5 dxe4 6. Bxc6+ bxc6 7. Qe2 Bf5 8.
d3 h6 9. Nxe4 Nxe4 10. dxe4 Be6 11. O-O Bc5 12. Nc3 O-O 13. Rd1 Qf6 14. Be3 Bxe3
15. Qxe3 Rad8 16. Qxa7 Qf4 17. Rxd8 Rxd8 18. Qxc7 Rd7 19. Qxc6 Qd2 20. Qc5 Qxc2
21. b4 Kh7 22. Qxe5 g6 23. h3 Rd3 24. Nb5 Rd2 25. Nd6 Rxf2 26. Ne8 f6 27. Qxe6
Rxg2+ 28. Kh1 Rh2+ 29. Kg1 Qf2# 0-1

[Event "Challenge"]
[Site "http://www.queenalice.com/game.php?id=739183"]
[Date "2010.2.28"]
[Round "-"]
[White "el_martinez"]
[Black "Nigo"]
[Result "0-1"]
[WhiteElo "1205"]
[BlackElo "1530"]

1. e4 e5 2. Qh5 Nc6 3. Bc4 Qe7 4. Nf3 Nf6 5. Qg5 h6 6. d4 hxg5 7. Bxg5 exd4 8.
e5 Nxe5 9. Bb5 Nxf3+ 10. Kd1 Nxg5 11. h4 Ne6 12. c3 c6 13. Bc4 dxc3 14. Nxc3 Qb4
15. Rc1 Qxb2 16. Bd3 Ba3 17. Rc2 Qa1+ 18. Ke2 Qxh1 19. f3 Qxg2+ 20. Kd1 Qh1+ 21.
Kd2 Rxh4 22. Rc1 Qxc1+ 23. Ke2 Rh2# 0-1